01204nam a2200229 a 450000100100000000500170001000800410002704000250006808200150009310000410010824500800014926000910022930000280032049000740034849000340042283000780045683000410053404900090057595201860058495201870077099900170095700001642620250924073801.0100305s1974 dr a 000 0 spa d aDO-SdBNPbspacBNPHU axxxbB716e1 aBonnelly de Calventi, Idelisa93661810aEstudios de biología pesquera dominicana /cIdelisa Bonnelly de Calventi. aSanto Domingo :bUniversidad Autónoma de Santo Domingo,bCultural Dominicana,c1974. a165 p. :bil. ;c27 cm.1 aPublicaciones de la Universidad Autónoma de Santo Domingovvol. 1591 aCiencia y Tecnologíavno. 1 aPublicaciones de la Universidad Autónoma de Santo Domingovvol. 159952 0aCiencia y Tecnologíanno. 1936619 aBNPD 0010718PDaPDbPDcCTd2010-03-05iLF1l0oxxx B716ep16426-10r2020-06-25w2020-06-25yLFPDzPerteneció a la biblioteca personal de Aída Cartagena Portalatín.ZNo se presta 0010718PDaPDbPDcCTd2010-07-14iLF1l0oxxx B716ep16426-30r2020-06-25te. 2w2020-06-25yLFPDzPerteneció a la biblioteca personal de Carlos Larrabazal Blanco.ZNo se presta c15961d15961